000 01188nam a2200253Ia 4500
999 _c41335
_d41335
001 7993
003 GE_BSU
005 20221003160023.0
008 181216s2013ge xx |||||||||||||| ||geo||
020 _a9789941220371
040 _cGE_BSU
041 _ageo
080 _a94(479.22) ს-18
100 _aსაითაძე, გიორგი (გელა)
_914988
245 _aისტორიულ-პუბლიცისტური ნარკვევები /
_cგიორგი (გელა) საითაძე, რედ: ავთანდილ სონღულაშვილი, გოჩა საითაძე
264 _aთბილისი :
_bუნივერსალი,
_c2013.
300 _a468 გვ:
_c23 სმ.
501 _aსაძიებ. გვ. 466-468
653 _aისტორიულ-პუბლიცისტური ნარკვევები
653 _aისტორია
700 _aსონღულაშვილი, ავთანდილ
_eრედაქტორი
_914989
700 _aსაითაძე, გოჩა
_eრედაქტორი
_914990
942 _cBK
_2udc